| 000 | 01051cam a2200313 a 4500 | ||
|---|---|---|---|
| 001 | 390941 | ||
| 003 | OSt | ||
| 005 | 20140310181721.0 | ||
| 008 | 800710s1980 nyu b 000 0 eng | ||
| 010 | _a 79003308 | ||
| 020 |
_a0394513576 : _c$12.95 |
||
| 020 |
_a039473954X (pbk.) : _c$5.95 |
||
| 040 |
_aDLC _cDLC _dDLC |
||
| 041 | 1 | _aengfre | |
| 050 | 0 | 0 |
_aHM 291 _b.F762 1980 |
| 082 | 0 | 0 |
_aIB 303.33 _bF82 1980 |
| 100 | 1 |
_aFoucault, Michel, _d1926-1984. |
|
| 245 | 1 | 0 |
_aPower/knowledge : _bselected interviews and other writings, 1972-1977 / _cMichel Foucault ; edited by Colin Gordon ; translated by Colin Gordon ... [et al.]. |
| 260 |
_aNew York : _bPantheon Books, _cc1980. |
||
| 300 |
_a270 p. : _c21 cm. |
||
| 504 | _aBibliography: p. [261]-270. | ||
| 562 | _e1 | ||
| 650 | 0 | _aPower (Social sciences) | |
| 700 | 1 |
_aGordon, Colin, _d1948- |
|
| 856 | 4 | 2 |
_3Publisher description _uhttp://www.loc.gov/catdir/description/random046/79003308.html |
| 906 |
_a7 _bcbc _corignew _d1 _eocip _f19 _gy-gencatlg |
||
| 942 |
_2lcc _cBK |
||
| 999 |
_c1974 _d1974 |
||